书目信息 |
| 题名: |
信息论及其应用
|
|
| 作者: | 仇佩亮 著 | |
| 分册: | ||
| 出版信息: | 浙江 浙江大学出版社 1999 |
|
| 页数: | 296页 | |
| 开本: | 20cm | |
| 丛书名: | ||
| 单 册: | ||
| 中图分类: | O23 | |
| 科图分类: | ||
| 主题词: | 控制论--数学理论 , 信息论--数学理论 | |
| 电子资源: | ||
| ISBN: | 7-308-02124-6 | |
| 000 | 00553nam0 2200193 450 | |
| 001 | 0732828906 | |
| 005 | 20070903090708.90 | |
| 010 | @a7-308-02124-6@d¥11.00 | |
| 100 | @a20070903d km y0chiy0120 ea | |
| 101 | 0 | @achi |
| 200 | 1 | @a信息论及其应用@Axin xi lun ji qi ying yong@f仇佩亮著@Fchou pei liang zhu |
| 210 | @a浙江@c浙江大学出版社@d1999 | |
| 215 | @a296页@d20cm | |
| 606 | 0 | @a控制论@x数学理论 |
| 606 | 0 | @a信息论@x数学理论 |
| 690 | @aO23@v3 | |
| 701 | 0 | @a仇佩亮@Achou pei liang@4著 |
| 801 | 0 | @aCN@bPFT@c20070903 |
| 905 | @a213230@dO23@eS10@f1 | |
| 信息论及其应用/仇佩亮著.-浙江:浙江大学出版社,1999 |
| 296页;20cm |
| ISBN 7-308-02124-6:¥11.00 |
| ● |
| 相关链接 |
|
|
|
|
正题名:信息论及其应用
索取号:O23/S10
 
预约/预借
| 序号 | 登录号 | 条形码 | 馆藏地/架位号 | 状态 | 备注 |
| 1 | 6703588 | 267035889 | 数信系资料室/ [索取号:O23/S10] | 在馆 | |
| 2 | 6704503 | 267045039 | 密集书库-数信学院/ [索取号:O23/S10] | 在馆 |